College Algebra and Trigonometry (Record no. 808)

MARC details
005 - DATE AND TIME OF LATEST TRANSACTION
control field 20250627100123.0
020 ## - INTERNATIONAL STANDARD BOOK NUMBER
International Standard Book Number 0-534-04209-0
082 ## - DEWEY DECIMAL CLASSIFICATION NUMBER
Classification number LM 512.9 WEB
100 ## - MAIN ENTRY--PERSONAL NAME
Author name WEBBER, R. P.
245 ## - TITLE STATEMENT
Title College Algebra and Trigonometry
260 ## - PUBLICATION, DISTRIBUTION, ETC.
Place of publication, distribution, etc. California
Name of publisher, distributor, etc. Books/Cole Publishing Company
Date of publication, distribution, etc. 1945
300 ## - PHYSICAL DESCRIPTION
Extent xiii, 610p.: Ill.; figure.
Other physical details Index
Dimensions 24cm.
942 ## - ADDED ENTRY ELEMENTS (KOHA)
Source of classification or shelving scheme Dewey Decimal Classification
Koha item type Books
Holdings
Date last seen Total checkouts Full call number Barcode Cost, replacement price Price effective from Koha item type Lost status Source of classification or shelving scheme Damaged status Not for loan Withdrawn status Home library Current library Shelving location Date acquired Cost, normal purchase price
03/17/2025   LM 512.9 WEB 0000001527 30000.00 03/17/2025 Books   Dewey Decimal Classification       College of Business Education Main Library College of Business Education Main Library General Collection 03/17/2025 10000.00
03/17/2025   LM 512.9 WEB 0000001528 30000.00 03/17/2025 Books   Dewey Decimal Classification       College of Business Education Main Library College of Business Education Main Library General Collection 03/17/2025 10000.00
03/17/2025   LM 512.9 WEB 000001529 30000.00 03/17/2025 Books   Dewey Decimal Classification       College of Business Education Main Library College of Business Education Main Library General Collection 03/17/2025 10000.00